| 000 | 00553nmm a2200181 a 4500 | ||
|---|---|---|---|
| 003 | AR-BaBNM | ||
| 005 | 20251128203319.0 | ||
| 008 | 228019s1970 ||||||||||||||000 | spa|| | ||
| 040 | _cAR-BaBNM | ||
| 100 | 1 |
_aLópez, Vicente Fidel _d1815-1903 |
|
| 245 | 1 | 0 |
_aHistoria de la República Argentina _bsu origen, su revolución, su evolución y su desarrollo. 6 |
| 260 |
_aBuenos Aires _bLectum _c1970 |
||
| 300 | 0 | _a765 p. | |
| 700 | 1 |
_aVera y González, Emilio _ecolaborador |
|
| 700 | 1 |
_aGandía, Enrique de _ecolaborador |
|
| 942 | _cBK | ||
| 998 | _cMARCE | ||
| 999 |
_c2851 _d2851 |
||